The spiritual genius of St. Paul; (Record no. 4298)

MARC details
000 -LEADER
fixed length control field 00775cam a2200229u 4500
001 - CONTROL NUMBER
control field 8734474
003 - CONTROL NUMBER IDENTIFIER
control field GBCCL
005 - DATE AND TIME OF LATEST TRANSACTION
control field 20241126110515.0
008 - FIXED-LENGTH DATA ELEMENTS--GENERAL INFORMATION
fixed length control field 830419s1925 enk 000 0beng
010 ## -
-- 26002736
040 ## - CATALOGING SOURCE
Original cataloging agency DLC
Transcribing agency CarP
Modifying agency DLC
050 00 -
-- BS2650
-- .R6
082 ## - DEWEY DECIMAL CLASSIFICATION NUMBER
Classification number 227.06
Item number ROS
100 1# - MAIN ENTRY--PERSONAL NAME
Personal name Ross, D. M.
Fuller form of name (David Morison),
Dates associated with a name 1852-
9 (RLIN) 8113
245 14 - TITLE STATEMENT
Title The spiritual genius of St. Paul;
Remainder of title a contribution towards the reinterpretation of his message,
260 ## - PUBLICATION, DISTRIBUTION, ETC.
Place of publication, distribution, etc. London,
Name of publisher, distributor, etc. Hodder and Stoughton, Limited
Date of publication, distribution, etc. [1925]
300 ## - PHYSICAL DESCRIPTION
Extent xv, [17]-254 p.
Dimensions 20 cm.
600 00 - SUBJECT ADDED ENTRY--PERSONAL NAME
Personal name Paul,
Titles and other words associated with a name the Apostle, Saint.
9 (RLIN) 1848
630 00 - SUBJECT ADDED ENTRY--UNIFORM TITLE
Uniform title Bible.
Name of part/section of a work Epistles of Paul
General subdivision Criticism, interpretation, etc.
9 (RLIN) 2197
906 ## - LOCAL DATA ELEMENT F, LDF (RLIN)
a 0
b cbc
c premunv
d u
e ncip
f 19
g y-gencatlg
942 ## - ADDED ENTRY ELEMENTS (KOHA)
Source of classification or shelving scheme Dewey Decimal Classification
Koha item type Books
Koha issues (borrowed), all copies 1
Holdings
Withdrawn status Lost status Source of classification or shelving scheme Damaged status Not for loan Home library Current Library Shelving location Date acquired Total checkouts Full call number Barcode Date last seen Date last checked out Copy number Price effective from Koha item type
    Dewey Decimal Classification     GRACE BIBLE COLLEGE GRACE BIBLE COLLEGE Biblical Studies 2018-01-18 1 227.06 ROS 003510 2025-05-01 2019-09-13 c.1 2018-01-18 Books
© Grace Bible College Library 2025